000 00981cam a22002653a 4500
001 16438
003 PGUSA
005 20140828083341.0
008 050804s2005||||xxu|||||s|||||000 1 eng d
040 _aPGUSA
_beng
042 _adc
050 4 _aPR
100 1 _aBenson, Arthur Christopher,
_d1862-1925
245 1 0 _aMemoirs of Arthur Hamilton, B. A. Of Trinity College, Cambridge :
_bExtracted From His Letters And Diaries, With Reminiscences Of His Conversation By His Friend Christopher Carr Of The Same College
_h[electronic resource] /
_cArthur Christopher Benson
260 _bProject Gutenberg,
_c2005
506 _aPublic domain in the USA.
516 _aElectronic text
653 _aCollege students -- Fiction
653 _aTrinity College (University of Cambridge) -- Fiction
653 _aCollege stories
653 _aCambridge (England) -- Fiction
830 0 _aProject Gutenberg
_v16438
856 4 0 _uhttp://www.gutenberg.org/ebooks/16438
942 _cEB
999 _c245693
_d245693